[Event "Ogolnopolski-ch 55th"]
[Site "Zamosc"]
[Date "2013.??.??"]
[Round "3.33"]
[White "Bartoszek, Marcin"]
[Black "Kuban, Wieslaw"]
[Result "1-0"]
[WhiteElo "1849"]
[BlackElo "1791"]
[PlyCount "53"]
[EventDate "2013.06.07"]
[EventType "swiss"]
[EventRounds "9"]
[EventCountry "POL"]
[SourceTitle "EXT 2014"]
[Source "ChessBase"]
[SourceDate "2013.11.20"]
[SourceVersion "1"]
[SourceVersionDate "2013.11.20"]
[SourceQuality "1"]

1. e4 e5 2. Nf3 Nc6 3. d4 exd4 4. Bc4 Nf6 5. e5 d5 6. Bb5 Ne4 7. Nxd4 Bd7 8. Bxc6 bxc6 9. 0-0 Bc5 10. f3 Ng5 11. f4 Ne4 12. Nc3 f5 13. Nxe4 dxe4 14. Be3 Qe7 15. Qh5+ g6 16. Qe2 Bb6 17. Rfd1 c5 18. Nb3 0-0 19. c4 Rfd8 20. Rd5 Be6 21. Rxd8+ Rxd8 22. Rc1 Rd3 23. h3 a5 24. Qf2 Qd7 25. Kh2 Qa4 26. Nxc5 Qxa2 27. Nxd3 1-0

[Event "Ogolnopolski-ch 55th"]
[Site "Zamosc"]
[Date "2013.??.??"]
[Round "1.25"]
[White "Bartoszek, Marcin"]
[Black "Lis, Marek"]
[Result "0-1"]
[WhiteElo "1849"]
[BlackElo "2133"]
[PlyCount "63"]
[EventDate "2013.06.07"]
[EventType "swiss"]
[EventRounds "9"]
[EventCountry "POL"]
[SourceTitle "EXT 2014"]
[Source "ChessBase"]
[SourceDate "2013.11.20"]
[SourceVersion "1"]
[SourceVersionDate "2013.11.20"]
[SourceQuality "1"]

1. e4 c5 2. c3 d6 3. d4 Nf6 4. Bd3 cxd4 5. cxd4 Nc6 6. Nf3 Bg4 7. Be3 g6 8. d5 Ne5 9. Nxe5 dxe5 10. Bb5+ Bd7 11. Bxd7+ Qxd7 12. Nc3 Ng4 13. Bd2 Bh6 14. Bxh6 Nxh6 15. Qd2 Ng4 16. f3 Nf6 17. Qh6 Nh5 18. 0-0 f6 19. Rfd1 Kf7 20. Qe3 Nf4 21. Rdc1 h5 22. Ne2 g5 23. Ng3 Qb5 24. Rc2 h4 25. Nf5 Rhc8 26. Qa3 Qb6+ 27. Kh1 Ng6 28. Rac1 Qf2 29. Rc3 h3 30. gxh3 Rxc3 31. Qxc3 Nf4 32. Qc2 0-1

[Event "POL-chT U19 1st League"]
[Site "Suchedniow"]
[Date "2012.07.??"]
[Round "9"]
[White "Lapaj, Mateusz"]
[Black "Bartoszek, Marcin"]
[Result "1-0"]
[WhiteElo "2037"]
[BlackElo "1884"]
[PlyCount "49"]
[EventDate "2012.07.21"]
[EventType "team-swiss"]
[EventRounds "9"]
[EventCountry "POL"]
[SourceTitle "EXT 2014"]
[Source "ChessBase"]
[SourceDate "2013.11.20"]
[SourceVersion "1"]
[SourceVersionDate "2013.11.20"]
[SourceQuality "1"]
[WhiteTeam "Jaworzno JKSz MCKiS U19"]
[BlackTeam "Tomaszow Lubelski UKS GIM Dwojka U19"]
[WhiteTeamCountry "POL"]
[BlackTeamCountry "POL"]

1. e4 d5 2. exd5 Nf6 3. Bb5+ Bd7 4. Bxd7+ Qxd7 5. Nf3 Nxd5 6. 0-0 e6 7. d4 Nc6 8. Re1 0-0-0 9. c3 a5 10. Nbd2 g5 11. Nxg5 Rg8 12. Nc4 Rg7 13. Qf3 Be7 14. Nh3 Rdg8 15. g3 h5 16. Qxh5 f5 17. Nf4 Rg4 18. Nxd5 Qxd5 19. Ne3 Qe4 20. Bd2 R4g5 21. Qe2 R5g6 22. Ng2 Qc2 23. Bf4 Qa4 24. Qd1 Qb5 25. Qb3 1-0

[Event "POL-chT U19 1st League"]
[Site "Suchedniow"]
[Date "2012.07.??"]
[Round "7"]
[White "Tomsia, Kamil"]
[Black "Bartoszek, Marcin"]
[Result "1-0"]
[WhiteElo "2096"]
[BlackElo "1884"]
[PlyCount "43"]
[EventDate "2012.07.21"]
[EventType "team-swiss"]
[EventRounds "9"]
[EventCountry "POL"]
[SourceTitle "EXT 2014"]
[Source "ChessBase"]
[SourceDate "2013.11.20"]
[SourceVersion "1"]
[SourceVersionDate "2013.11.20"]
[SourceQuality "1"]
[WhiteTeam "Trzebinia UKS Hetman Koronny U19"]
[BlackTeam "Tomaszow Lubelski UKS GIM Dwojka U19"]
[WhiteTeamCountry "POL"]
[BlackTeamCountry "POL"]

1. Nf3 Nf6 2. d4 e6 3. c4 Bb4+ 4. Nbd2 b6 5. g3 Bb7 6. Bg2 0-0 7. a3 Bxd2+ 8. Qxd2 Be4 9. b3 d6 10. 0-0 Nbd7 11. Bb2 c5 12. Rfd1 d5 13. Rac1 Qe7 14. Ne5 Bxg2 15. Kxg2 Rac8 16. Nxd7 Qxd7 17. dxc5 Qb7 18. Bxf6 dxc4+ 19. Kg1 gxf6 20. Rxc4 Qe7 21. Rg4+ Kh8 22. Qh6 1-0

[Event "POL-chT U19 2nd League"]
[Site "Chelm Lubelski"]
[Date "2010.07.07"]
[Round "3"]
[White "Bartoszek, Marcin"]
[Black "Miczek, Szczepan"]
[Result "1-0"]
[WhiteElo "1786"]
[BlackElo "1830"]
[PlyCount "45"]
[EventDate "2010.07.06"]
[EventType "team-tourn"]
[EventRounds "11"]
[EventCountry "POL"]
[SourceTitle "EXT 2011"]
[Source "ChessBase"]
[SourceDate "2010.11.26"]
[SourceVersion "1"]
[SourceVersionDate "2010.11.26"]
[SourceQuality "1"]
[WhiteTeam "Tomaszow Lubelski UKS GIM Dwojka U19"]
[BlackTeam "Krosno KKSz Urania U19"]
[WhiteTeamCountry "POL"]
[BlackTeamCountry "POL"]

1. e4 c6 2. d4 d5 3. exd5 cxd5 4. c4 Nf6 5. Nc3 Nc6 6. Nf3 Bg4 7. cxd5 Nxd5 8. Qb3 Bxf3 9. gxf3 Nxc3 10. bxc3 Qc7 11. Rb1 Rb8 12. d5 Ne5 13. Bb5+ Nd7 14. Qa4 Qxc3+ 15. Ke2 Qe5+ 16. Be3 Qd6 17. Bf4 e5 18. dxe6 Qxe6+ 19. Kf1 Qh3+ 20. Kg1 Rd8 21. Re1+ Be7 22. Bd6 Qxf3 23. Rxe7+ 1-0

[Event "POL-chT U19 2nd League"]
[Site "Chelm Lubelski"]
[Date "2010.07.06"]
[Round "2"]
[White "Bartoszek, Marcin"]
[Black "Grochulski, Grzegorz"]
[Result "0-1"]
[WhiteElo "1786"]
[BlackElo "2045"]
[PlyCount "92"]
[EventDate "2010.07.06"]
[EventType "team-tourn"]
[EventRounds "11"]
[EventCountry "POL"]
[SourceTitle "EXT 2011"]
[Source "ChessBase"]
[SourceDate "2010.11.26"]
[SourceVersion "1"]
[SourceVersionDate "2010.11.26"]
[SourceQuality "1"]
[WhiteTeam "Tomaszow Lubelski UKS GIM Dwojka U19"]
[BlackTeam "Warszawa UKS Czternastka U19"]
[WhiteTeamCountry "POL"]
[BlackTeamCountry "POL"]

1. e4 c5 2. c3 d5 3. exd5 Qxd5 4. d4 e5 5. dxe5 Qxd1+ 6. Kxd1 Nc6 7. Nf3 Bg4 8. Kc2 0-0-0 9. Be3 Bxf3 10. gxf3 Nxe5 11. Be2 Nf6 12. Nd2 Nd5 13. Ne4 f5 14. Ng5 h6 15. Ne6 Nxe3+ 16. fxe3 Re8 17. Nf4 g5 18. Nd5 Bg7 19. Rhg1 Nf7 20. Bb5 Re5 21. Rad1 Rd8 22. Bc4 Nd6 23. Bf1 g4 24. c4 h5 25. h3 Bh6 26. hxg4 hxg4 27. fxg4 fxg4 28. Rxg4 Nf5 29. Bh3 Rxe3 30. Nxe3 Nxe3+ 31. Kb3 Rxd1 32. Rh4+ Kc7 33. Rxh6 Rd3+ 34. Ka4 Nxc4 35. b3 Nd6 36. Rh7+ Kb6 37. Bf1 Rd2 38. Ka3 Kc6 39. Rg7 b5 40. Rg2 b4+ 41. Ka4 Rxg2 42. Bxg2+ Kb6 43. a3 a5 44. axb4 cxb4 45. Bc6 Kxc6 46. Kxa5 Kc5 0-1

[Event "POL-chT U19 2nd League"]
[Site "Chelm Lubelski"]
[Date "2010.07.06"]
[Round "1"]
[White "Kowalczyk, Rafal"]
[Black "Bartoszek, Marcin"]
[Result "1-0"]
[WhiteElo "2048"]
[BlackElo "1786"]
[PlyCount "57"]
[EventDate "2010.07.06"]
[EventType "team-tourn"]
[EventRounds "11"]
[EventCountry "POL"]
[SourceTitle "EXT 2019"]
[Source "ChessBase"]
[SourceDate "2018.10.10"]
[SourceVersion "1"]
[SourceVersionDate "2018.10.10"]
[SourceQuality "1"]
[WhiteTeam "Starzenice Park U19"]
[BlackTeam "Tomaszow Lubelski UKS GIM Dwojka U19"]
[WhiteTeamCountry "POL"]
[BlackTeamCountry "POL"]

1. e4 d5 2. exd5 Nf6 3. d4 Nxd5 4. c3 g6 5. g3 Bg7 6. Bg2 0-0 7. f4 Nb6 8. Nf3 c5 9. Be3 Nc4 10. Qe2 Nxe3 11. Qxe3 Qb6 12. Qf2 cxd4 13. Nxd4 Bxd4 14. cxd4 Nc6 15. Bxc6 Qxc6 16. 0-0 b6 17. Nc3 e6 18. Rfd1 Bb7 19. d5 exd5 20. Nxd5 Qe6 21. f5 Qd6 22. Ne3 Qc6 23. Rd5 Rad8 24. Rad1 Rxd5 25. Nxd5 Qd6 26. Qf4 Qc5+ 27. Ne3 Re8 28. Kf2 Qc2+ 29. Nxc2 1-0

[Event "Augustow qual zone MPJ+OOM U15"]
[Site "Augustow"]
[Date "2009.10.05"]
[Round "3.1"]
[White "Galaszewski, Patryk"]
[Black "Bartoszek, Marcin"]
[Result "1/2-1/2"]
[WhiteElo "1779"]
[BlackElo "1793"]
[PlyCount "62"]
[EventDate "2009.10.04"]
[EventType "swiss"]
[EventRounds "9"]
[EventCountry "POL"]
[SourceTitle "EXT 2023"]
[Source "ChessBase"]
[SourceDate "2022.10.05"]
[SourceVersion "1"]
[SourceVersionDate "2022.10.05"]
[SourceQuality "1"]

1. d4 g6 2. c4 Bg7 3. Nc3 d6 4. e4 Nd7 5. f3 Ngf6 6. Be3 0-0 7. Bd3 e5 8. d5 Nh5 9. Nge2 Nc5 10. b4 Nxd3+ 11. Qxd3 a5 12. bxa5 Rxa5 13. 0-0 f5 14. Nb5 fxe4 15. fxe4 Rxf1+ 16. Rxf1 Rxa2 17. Na3 Qh4 18. Nc1 Qg4 19. Re1 Nf4 20. Bxf4 exf4 21. h3 Qh4 22. Rf1 Be5 23. Nb5 g5 24. Nxc7 Qh5 25. Rf2 Ra1 26. Rf1 Ra2 27. Rf2 Ra1 28. Rf1 Ra2 29. Rf2 Ra1 30. Rf1 Ra2 31. Rf2 Ra1 1/2-1/2

[Event "Chojnice op-B"]
[Site "Chojnice"]
[Date "2009.07.15"]
[Round "6"]
[White "Szmidt, Przemyslaw"]
[Black "Bartoszek, Marcin"]
[Result "1-0"]
[WhiteElo "1999"]
[BlackElo "1766"]
[PlyCount "49"]
[EventDate "2009.07.11"]
[EventType "swiss"]
[EventRounds "9"]
[EventCountry "POL"]
[SourceTitle "EXT 2011"]
[Source "ChessBase"]
[SourceDate "2010.11.26"]
[SourceVersion "1"]
[SourceVersionDate "2010.11.26"]
[SourceQuality "1"]

1. e4 c5 2. a3 Nc6 3. b4 e5 4. b5 Nd4 5. Nf3 d6 6. c3 Nxf3+ 7. Qxf3 Be6 8. c4 g6 9. Nc3 Bg7 10. Nd5 Bxd5 11. cxd5 Ne7 12. Rb1 0-0 13. g3 f5 14. Bh3 Kh8 15. Bb2 Qa5 16. Bc3 Qxa3 17. Qd1 c4 18. Rb4 a5 19. Rxc4 Rfc8 20. Rxc8+ Rxc8 21. 0-0 Rc5 22. exf5 Nxd5 23. fxg6 hxg6 24. Qg4 Nxc3 25. Qh4+ 1-0

[Event "POL-ch PL+LU U13"]
[Site "Augustow"]
[Date "2007.10.13"]
[Round "9.4"]
[White "Daciuk, Jaroslaw"]
[Black "Bartoszek, Marcin"]
[Result "0-1"]
[WhiteElo "1800"]
[BlackElo "1832"]
[PlyCount "62"]
[EventDate "2007.10.08"]
[EventType "swiss"]
[EventRounds "9"]
[EventCountry "POL"]
[SourceTitle "EXT 2023"]
[Source "ChessBase"]
[SourceDate "2022.10.05"]
[SourceVersion "1"]
[SourceVersionDate "2022.10.05"]
[SourceQuality "1"]

1. c4 c5 2. Nc3 Nc6 3. Nf3 e5 4. g3 g6 5. Bg2 Bg7 6. 0-0 Nge7 7. Qc2 d6 8. d3 Be6 9. Bd2 0-0 10. a3 Qd7 11. Rfe1 h6 12. Rab1 a5 13. Qc1 Kh7 14. b3 Rab8 15. Rd1 b6 16. e3 f5 17. Nb5 d5 18. cxd5 Nxd5 19. e4 Nde7 20. a4 Rbd8 21. Bc3 fxe4 22. Ne1 exd3 23. Nxd3 Nd4 24. Bxd4 exd4 25. Nf4 Bf5 26. Rb2 Be5 27. Nd3 Bf6 28. Na3 Nd5 29. Qc4 Nc3 30. Re1 Rfe8 31. Rxe8 Rxe8 0-1

[Event "POL-ch PL+LU U13"]
[Site "Augustow"]
[Date "2007.10.11"]
[Round "6.5"]
[White "Bartoszek, Marcin"]
[Black "Toczydlowski, Michal"]
[Result "1-0"]
[WhiteElo "1832"]
[BlackElo "1600"]
[PlyCount "37"]
[EventDate "2007.10.08"]
[EventType "swiss"]
[EventRounds "9"]
[EventCountry "POL"]
[SourceTitle "EXT 2023"]
[Source "ChessBase"]
[SourceDate "2022.10.05"]
[SourceVersion "1"]
[SourceVersionDate "2022.10.05"]
[SourceQuality "1"]

1. d4 d5 2. c4 e6 3. Nc3 Nf6 4. Bg5 Be7 5. e3 0-0 6. Nf3 Nbd7 7. Qc2 c5 8. cxd5 exd5 9. Be2 b6 10. dxc5 Nxc5 11. 0-0 Nfe4 12. Bxe7 Qxe7 13. Nxd5 Qd6 14. Rfd1 Bb7 15. Nf4 Qf6 16. Nd5 Bxd5 17. Rxd5 Rac8 18. Rad1 Nxf2 19. Kxf2 1-0

[Event "POL-ch PL+LU U13"]
[Site "Augustow"]
[Date "2007.10.10"]
[Round "3.4"]
[White "Buzun, Rafal"]
[Black "Bartoszek, Marcin"]
[Result "0-1"]
[WhiteElo "1800"]
[BlackElo "1832"]
[PlyCount "62"]
[EventDate "2007.10.08"]
[EventType "swiss"]
[EventRounds "9"]
[EventCountry "POL"]
[SourceTitle "EXT 2023"]
[Source "ChessBase"]
[SourceDate "2022.10.05"]
[SourceVersion "1"]
[SourceVersionDate "2022.10.05"]
[SourceQuality "1"]

1. e4 c6 2. d4 d5 3. exd5 cxd5 4. Nf3 Bg4 5. Be2 Nf6 6. c3 e6 7. Bg5 Be7 8. Nbd2 Nc6 9. Qc2 a6 10. Bf4 b5 11. Bd3 Rc8 12. a3 Bh5 13. h3 Bg6 14. Bxg6 hxg6 15. Ne5 Na5 16. Qd1 Nc6 17. a4 b4 18. c4 Nxe5 19. Bxe5 dxc4 20. Rc1 Qd5 21. Qe2 Qxg2 22. Rf1 0-0 23. Rxc4 Rxc4 24. Qxc4 Rd8 25. Bf4 a5 26. Qb5 Qxh3 27. Qxa5 Qg4 28. Be3 Ne4 29. f3 Qg3+ 30. Bf2 Nxf2 31. Rxf2 Rxd4 0-1